Archaeology and geoinformatics (Record no. 175441)
[ view plain ]
| 000 -LEADER | |
|---|---|
| fixed length control field | 02922nam a2200433 a 4500 |
| 082 04 - DEWEY DECIMAL CLASSIFICATION NUMBER | |
| Classification number | 972.900285 |
| 245 00 - TITLE STATEMENT | |
| Title | Archaeology and geoinformatics |
| 260 ## - PUBLICATION, DISTRIBUTION, ETC. (IMPRINT) | |
| Place of publication | Tuscaloosa : |
| Name of publisher | University of Alabama Press, |
| Year of publication | c2008. |
| 300 ## - PHYSICAL DESCRIPTION | |
| Number of Pages | xi, 234 p. : |
| Other physical details | ill., maps. |
| 490 1# - SERIES STATEMENT | |
| Series statement | Caribbean archaeology and ethnohistory |
| 505 0# - FORMATTED CONTENTS NOTE | |
| Formatted contents note | The Caribbean : a continent divided by water / Joshua M. Torres and Reniel Rodr�iguez Ramos -- Developing weights-of-evidence predictive models for the cultural resource management of pre-columbian sites in Trinidad / Basil A. Reid -- Forward planning : the utilization of GIS in the management of archaeological resources in Barbados / Kevin Farmer -- Developing an archaeological information system for Trinidad and Tobago / Bheshem Ramlal and Basil A. Reid -- Maps, matricals, and material remains : an archaeological GIS of late-eighteenth-century historic sites on St. John, Danish West Indies / Douglas V. Armstrong ... [et al.] -- Understanding Nevis : GPS and archaeological field survey in a postcolonial landscape / Roger H. Leech -- The use of imagery to locate Taino sites in Jamaica in a GIS environment / Parris Lyew-Ayee and Ivor Conolley -- Geophysics and the search for Raleigh's outpost on Trinidad / Eric Klingelhofer -- Geophysics and volcanic islands : resistivity and gradiometry on St. Eustatius / R. Grant Gilmore III -- Postscript: Archaeology and geoinformatics from a Caribbeanist perspective / Basil A. Reid. |
| 650 #0 - SUBJECT ADDED ENTRY--TOPICAL TERM | |
| Topical Term | Indians of the West Indies |
| Topical Term | Archaeological geology |
| Topical Term | Excavations (Archaeology) |
| 700 1# - ADDED ENTRY--PERSONAL NAME | |
| Personal name | Reid, Basil A., |
| 856 40 - ELECTRONIC LOCATION AND ACCESS | |
| Uniform Resource Identifier | http://site.ebrary.com/lib/rucke/Doc?id=10309047 |
No items available.
